| 000 | 01003nam a22003137a 4500 | ||
|---|---|---|---|
| 003 | CHAP | ||
| 005 | 20220329134706.0 | ||
| 008 | 971013s1980 r 00010 d | ||
| 010 | _a24283 | ||
| 011 | _a25255 | ||
| 035 | _a29355 | ||
| 040 | _cCHAP | ||
| 082 |
_a574.82 _bI53 |
||
| 100 | 0 | 0 |
_aIngram, David Stanley. _958353 |
| 245 | _aTissue culture methods for plant pathologists | ||
| 260 |
_aOxford : _bBlackwell, _c1980 |
||
| 300 |
_a272 p. _b: ilus. ; gráfs |
||
| 590 |
_aBATCH-UPD _b10 _c20130110 _lUCH01 _h2009 |
||
| 590 |
_aBATCH-UPD _b10 _c20130410 _lUCH01 _h1328 |
||
| 590 |
_aBATCH-UPD _b10 _c20130914 _lUCH01 _h1115 |
||
| 590 |
_aCONVERSION _b10 _c20130109 _lUCH01 _h1314 |
||
| 650 | 1 | 4 |
_aCultivo de tejidos. _930213 |
| 650 | 1 | 4 |
_aFitopatología. _941161 |
| 700 | 0 |
_aHellmers, H. _953461 |
|
| 901 | _aBK | ||
| 942 | _cLIBRO | ||
| 949 |
_a574.82 I53 _bBC _cLIBRO _d-67801 _eLIBRO _fc.3 _h53552 _i29355 _si _t1.18 |
||
| 949 |
_a574.82 I53 _bBC _cLIBRO _d33724000507034 _eLIBRO _fc.2 _h53551 _i29355 _si _t1.18 |
||
| 999 |
_c24283 _d24283 |
||